000 01095nam0a22002651 4500
001 rc\577546
005 20260407123313.0
035 _a(NLR Aleph) 005825462
090 _a5524303
_c5524303
100 _a20031121d1987 u y0rusy50 ca
101 0 _arus
102 _aRU
105 _aa |||||||||
200 1 _aФизико-химические процессы в преобразователях энергии
_eМеждувед. сб.
_fМоск. физ.-техн. ин-т
_g[Редкол.: С.С. Новиков (отв. ред.) и др.]
210 _aМ.
_cМИФИ
_d1987
215 _a109, 8, [3] с.
_cил.
_d20
320 _aБиблиогр. в конце ст.
702 1 _4340
_8rus
_7ca
_aНовиков
_bС.С.
_f1909-1979
_gСергей Сергеевич
_cхимик
_3RU\NLR\AUTH\77272
_9110329
712 0 2 _aМосковский физико-технический институт
_cДолгопрудный
_3RU\NLR\AUTH\889961606
_9419522
801 0 _aRU
_bNLR
_gpsbo
801 1 _aRU
_bELAR
_2rusmarc
852 _aNLR
_j87-3/11784
942 _cBOOK
980 _aNB